Depression treatment in assisted living settings : (Record no. 121457)
[ view plain ]
| 000 -LEADER | |
|---|---|
| fixed length control field | 00578nam a2200181Ia 4500 |
| 008 - FIXED-LENGTH DATA ELEMENTS--GENERAL INFORMATION | |
| fixed length control field | 140626s9999 xx 000 0 und d |
| 100 ## - MAIN ENTRY--PERSONAL NAME | |
| Personal name | Smith, Marianne. |
| 245 ## - TITLE STATEMENT | |
| Title | Depression treatment in assisted living settings : |
| Remainder of title | is an innovative approach feasible? / |
| Statement of responsibility, etc | Marianne Smith ... [et al.]. |
| 260 ## - PUBLICATION, DISTRIBUTION, ETC. (IMPRINT) | |
| Date of publication, distribution, etc | c2013. |
| 300 ## - PHYSICAL DESCRIPTION | |
| Extent | 6 : 1, page 98 |
| 440 ## - SERIES STATEMENT/ADDED ENTRY--TITLE | |
| Title | Research in Gerontological Nursing |
| 521 ## - TARGET AUDIENCE NOTE | |
| Target audience note | |
| 650 ## - SUBJECT ADDED ENTRY--TOPICAL TERM | |
| Topical term or geographic name as entry element | Depression. |
| 650 ## - SUBJECT ADDED ENTRY--TOPICAL TERM | |
| Topical term or geographic name as entry element | Feasibility approach. |
| 650 ## - SUBJECT ADDED ENTRY--TOPICAL TERM | |
| Topical term or geographic name as entry element | Treatment/intervention. |
| 650 ## - SUBJECT ADDED ENTRY--TOPICAL TERM | |
| Topical term or geographic name as entry element | Welfare assisted living setting. |
| 942 ## - ADDED ENTRY ELEMENTS (KOHA) | |
| Koha item type | Periodicals |
| Withdrawn status | Lost status | Damaged status | Home library | Current library | Shelving location | Date acquired | Total Checkouts | Barcode | Date last seen | Price effective from | Koha item type |
|---|---|---|---|---|---|---|---|---|---|---|---|
| College Library | College Library | 06/26/2014 | S0565 | 06/26/2014 | 06/26/2014 | Periodicals |